Spectral and High Order Methods for Partial Differential Equations ICOSAHOM 2018 (Record no. 28013)
[ view plain ]
| 000 -LEADER | |
|---|---|
| fixed length control field | 00867nam a2200121Ia 4500 |
| 008 - FIXED-LENGTH DATA ELEMENTS--GENERAL INFORMATION | |
| fixed length control field | 220620s9999||||xx |||||||||||||| ||und|| |
| 245 #0 - TITLE STATEMENT | |
| Title | Spectral and High Order Methods for Partial Differential Equations ICOSAHOM 2018 |
| Remainder of title | Selected Papers from the ICOSAHOM Conference, London, UK, July 9-13, 2018 |
| 546 ## - LANGUAGE NOTE | |
| Language note | English[eng] |
| 650 ## - SUBJECT ADDED ENTRY--TOPICAL TERM | |
| Topical term or geographic name entry element | Partial Differential Equations||Numerical Analysis||Analysis||High-order methods||Partial differential equations||Spectral methods||Isogeometric methods||Discontinuous Galerkin methods||Wave simulation||Uncertainty quantification||Open access||Differential calculus & equations||Numerical analysis |
| 700 ## - ADDED ENTRY--PERSONAL NAME | |
| Personal name | Sherwin, Spencer J.||Moxey, David||Peiró, Joaquim||Vincent, Peter E.||Schwab, Christoph |
| 856 ## - ELECTRONIC LOCATION AND ACCESS | |
| Uniform Resource Identifier | <a href="https://library.oapen.org/bitstream/20.500.12657/41274/1/2020_Book_SpectralAndHighOrderMethodsFor.pdf">https://library.oapen.org/bitstream/20.500.12657/41274/1/2020_Book_SpectralAndHighOrderMethodsFor.pdf</a> |
| 942 ## - ADDED ENTRY ELEMENTS (KOHA) | |
| Koha item type | E-Books |
| Withdrawn status | Lost status | Damaged status | Not for loan | Home library | Current library | Date acquired | Total Checkouts | Date last seen | Price effective from | Koha item type |
|---|---|---|---|---|---|---|---|---|---|---|
| Kerala University of Digital Sciences, Innovation and Technology Knowledge Centre | Kerala University of Digital Sciences, Innovation and Technology Knowledge Centre | 20/06/2022 | 20/06/2022 | 20/06/2022 | E-Books |